Cómo elaborar y controlar los presupuestos anuales
Bewaard in:
| Hoofdauteurs: | , |
|---|---|
| Formaat: | Boek |
| Taal: | Spaans |
| Gepubliceerd in: |
Madrid
ESIC
1999
|
| Editie: | 2a. ed |
| Onderwerpen: | |
| Tags: |
Voeg label toe
Geen labels, Wees de eerste die dit record labelt!
|
MARC
| LEADER | 00000nam a2200000 a 4500 | ||
|---|---|---|---|
| 001 | UCG3045 | ||
| 003 | CL-VaPUC | ||
| 008 | 100805e19990000SP |||||||||||||||||spa|d | ||
| 020 | |a 8473562038 | ||
| 082 | 0 | 4 | |a 658.154 |b MAR |2 21 |
| 100 | |a Martínez Pedrós, Daniel |e autor |9 572379 | ||
| 700 | 0 | |a Milla Gutiérrez, Artemio |e author |9 551832 | |
| 245 | 1 | 0 | |a Cómo elaborar y controlar los presupuestos anuales |
| 250 | |a 2a. ed | ||
| 300 | |a 236 p | ||
| 942 | |c BK | ||
| 945 | |d 20100805 00:00:00 |a mfarfan | ||
| 260 | |a Madrid |b ESIC |c 1999 | ||
| 650 | 0 | |a Presupuestos |9 262669 | |
| 650 | 7 | |a GESTION DE PRESUPUESTOS |2 CL-VaPUC |9 413288 | |
| 650 | 0 | |a Producción |x Planificación |9 260672 | |
| 650 | 0 | |a Administración financiera |9 261146 | |
| 650 | 0 | |a Planificación estratégica |9 259735 | |
| 583 | |a last modification |c 20100805 00:00:00 |k Rodrigo Vera | ||
| 999 | |c 342144 |d 342142 | ||
| 952 | |0 0 |1 0 |4 0 |6 658_154000000000000_MAR_1999 |7 0 |8 A |9 438144 |a BIBGIM |b BIBGIM |d 2019-11-22 |i 4703480 |o 658.154 MAR 1999 |p 4703480 |r 2025-01-15 |w 2019-11-22 |y BK |k COM | ||